| 000 | 00534 a2200157 4500 | ||
|---|---|---|---|
| 020 | _a000712088 | ||
| 040 |
_aDLC _bDLC |
||
| 082 | _a 823.912 CHR | ||
| 100 | _a Christie, Agatha | ||
| 245 |
_a Murder in the news _cAgatha Christie |
||
| 260 |
_aLondon : _bHarperCollins Publishers , _c2001 |
||
| 300 |
_a378 p. . _c19 cm |
||
| 500 | _a Includes Index | ||
| 650 | _a1.Poirot, Hercule (Fictitious character) --Fiction. 2.Private investigators --England --Fiction. 3.Detective and mystery stories, English. | ||
| 942 |
_cBK _k823.912 CHR _2ddc |
||
| 999 |
_c4923 _d4923 |
||